000 00645nam a2200265Ia 4500
005 20260121171606.0
008 008 260114s9999 xx 000 0 eng d
020 _a9783030297060
037 _aEBOOK
040 _aCRL
040 _beng
040 _cCRL
041 _2eng
041 _aeng
084 _qCRL
100 _aSteven Félix-Jäger
_91078093
245 0 _aArt Theory for a Global Pluralistic Age
260 _bSpringer
260 _bSpringer
260 _c2020
856 _uhttps://link.springer.com/openurl?genre=book&isbn=978-3-030-29706-0
942 _cEBOOK
999 _c1643824
_d1643824